Vytvorenie nového ekonomického systému a privatizácia

Profesor Jože Mencinger z Ľubľanskej univerzity o jednom zo základných kritérií na rozlišovanie medzi ekonomickými systémami - o vlastníctve výrobných prostriedkov. Zabezpečenie ochrany súkromného majetku vytvorením právneho rámca a založením a rozvojom trhových inštitúcií. (Pokračovanie článkov z 3...

Full description

Saved in:
Bibliographic Details
Main Author: Mencinger, J.
Format: Book Chapter
Language:Slovak
Subjects:
Tags: Add Tag
No Tags, Be the first to tag this record!

MARC

LEADER 00000naa a2200000 4500
001 r020049
005 20230801103453.3
041 0 |a slo 
044 |a SK 
245 1 0 |a Vytvorenie nového ekonomického systému a privatizácia  |c J. Mencinger 
520 |a Profesor Jože Mencinger z Ľubľanskej univerzity o jednom zo základných kritérií na rozlišovanie medzi ekonomickými systémami - o vlastníctve výrobných prostriedkov. Zabezpečenie ochrany súkromného majetku vytvorením právneho rámca a založením a rozvojom trhových inštitúcií. (Pokračovanie článkov z 30.1., 31.1. a 1.2.1996.) 
610 2 0 |a Slovinsko 
610 2 0 |a systémy ekonomické 
610 2 0 |a privatizácia 
610 2 0 |a transformácia 
610 2 0 |a vlastníctvo prostriedkov výrobných 
100 1 |a Mencinger, J.